Statistics for Famous People A to M + Nato Code A to M

Click here to take the quiz!

General Stats

  • This quiz has been taken 88 times
    (71 since last reset)
  • The average score is 44 of 91

Answer Stats

HintAnswer% Correct
First on the MoonArmstrong, Neil
92%
E=MC2Einstein, Albert
85%
Famous BoxerAli, Muhammad
82%
Father of India, Assassinated 1949Gandhi, Mohandas
78%
Deaf Composer / musicianBeethoven, Ludwig van
78%
EvolutionDarwin, Charles
78%
Of NazarethJesus
77%
Mona LisaLeonardo da Vinci
75%
I have a dreamKing, Martin Luther
75%
Mickey MouseDisney, Walt
73%
Queen of EgyptCleopatra
73%
Italian scientist with a Telescope.Galileo, Galilei
72%
Queen of France 1774 - 1793 (let them eat cake)Antoinette, Marie
72%
Terrible first Tsar of RussiaIvan
72%
Model TFord, Henry
70%
A ------------ NATO phonetic alphabetAlpha
70%
Mongol Empire BuilderKhan, Genghis
68%
WW2 Supreme Commander / PresidentEisenhower, Dwight D.
67%
Father of modern Russia and last leader of Soviet RussiaGorbachev, Mikhail
67%
Protestant reformerLuther, Martin
67%
The Iliad and The OdysseyHomer
67%
Pioneer of PyschoanalysisFreud, Sigmund
65%
ImagineLennon, John
65%
Silent movie star, the little trampChaplin, Charlie
63%
C------------ NATO phonetic alphabetCharlie
63%
Patriarch of Judaism, Christianity and IslamAbraham
63%
Pride and PrejudiceAusten, Jane
63%
Sistine ChapelMichelangelo Buonarroti
62%
Flew too close to the sun (also name of farthest single star visible)Icarus
60%
B------------ NATO phonetic alphabetBravo
60%
King, Warrior, Musician and father of Elizabeth IHenry VIII
60%
Declaration of IndependenceJefferson, Thomas
60%
Composer / Musician father of 20Bach, J.S.
58%
The virgin QueenElizabeth I
58%
First human in spaceGagarin, Yuri
58%
D ------------ NATO phonetic alphabetDelta
58%
Eureka!Archimedes
57%
"Veni, vidi vici"Caesar, Julius
57%
Built a wall across BritainHadrian, Publius
55%
A Comet named after this AstronomerHalley, Edmond
55%
Gettysburg AddressLincoln, Abraham
55%
Financed Colombus, mother of Catherine of AragonIsabella, Queen of Castile
55%
EscapologistHoudini, Harry
53%
E ------------ NATO phonetic alphabetEcho
52%
Maid of OrleansJoan of Arc
52%
Composer - PolishChopin, Frederic
50%
F ------------ NATO phonetic alphabetFoxtrot
48%
The seventh month of the year:Julius Caesar
48%
1,000 Patents+Edison, Thomas
48%
"We shall never surrender"Churchill, Winston
48%
Prisoner on Robben Island for 27 yearsMandella, Nelson
48%
H ------------ NATO phonetic alphabetHotel
47%
PenicillinFleming, Alexander
45%
K ------------ NATO phonetic alphabetKilo
45%
I ------------ NATO phonetic alphabetIndia
45%
L ------------ NATO phonetic alphabetLima
43%
J ------------ NATO phonetic alphabetJuliett
40%
Water LiliesMonet, Claude
40%
G ------------ NATO phonetic alphabetGolf
40%
Lost in the Pacific?Earhart, Amelia
38%
The father of RadioMarconi, Guglielmo
38%
Foundation for the BlindKeller, Helen
38%
First Automobile, 1886Benz, Karl
38%
Robinson CrusoeDefoe, Daniel
37%
Athos, Porthos, AramisDumas, Alexandre
37%
A Brief History of TimeHawking, Stephen
35%
Mrs NapoleonJosephine
32%
30 pieces of Silver?Iscariot, Judas
30%
French painter on TahitiGauguin, Paul
28%
He was the first known European to have discovered North AmericaEriksson, Leif
28%
Chess was his gameFischer, Bobby
28%
Around the WorldMagellan, Ferdinand
27%
M ------------ NATO phonetic alphabetMike
27%
Electromagnetic Induction = Generation of ElectricityFaraday, Michael
25%
Kite flying inventorFranklin, Benjamin
25%
Invented vulcanised rubber in 1844 - still used in tires / tyresGoodyear, Charles
25%
Tilting at WindmillsCervantes, Miguel de
25%
Spirit of St. LouisLindbergh, Charles
23%
Winnie the PoohMilne A.A.
20%
WWW The World Wide WebBerners-Lee, Tim
18%
PT- 109Kennedy, J.F.
18%
Adventures in WonderlandDodgson, Charles
18%
Ode to a NightingaleKeats, John
17%
Athlete, 4 minute miler, Neurologist.Bannister, Roger
15%
Rip van WinkleIrving, Washington
15%
VaccinationsJenner, Edward
13%
Peer GyntIbsen, Henrik
13%
French father of ChemistryLavoisier, Antoine
12%
No spark for his Engine?Diesel, Rudolf
10%
Television 1926 and colour TV first.Baird, John Logie
7%
Pirate who was hung twice!Kidd, William
5%

Score Distribution

Percentile by Number Answered

Percent of People with Each Score

Your Score History

You have not taken this quiz since the last reset